Responses for show #7061 - Monday, May 4, 2015

Greg Seroka game 8.

Contestants

Scott Ylinen, a draftsman and college student from Morgantown, West Virginia

Praggya Rustagi Barretto, a project coordinator from Boston, Massachusetts

Greg Seroka, a chef from Steamboat Springs, Colorado (whose 7-day cash winnings total $180,401)

Jeopardy! Round responses

MAY THE 4th BE WITH YOU
INTERNET SHORTHAND
NEWS ANCHORS
THE MIDWEST
I SAY IT'S SPINACH
THE "L" WITH IT
    $200 16
(Henry) Royce

Greg
    $200 21
ear-to-ear

Praggya
    $200 26
Barbara Walters

Greg
    $200 4
a roller coaster

Greg
    $200 1
(Praggya: What are waffles?)

Brussels sprouts

PraggyaScott
    $200 9
a lob

Greg
    $400 17
(Peter) Minuit

Praggya
    $400 22
quickly as possible

Greg
    $400 27
Tom Brokaw

Greg
    $400 12
(Praggya: What is Wisconsin?)

Michigan

PraggyaScott
    $400 3
broccoli

Scott
    $400 8
livery

Praggya
    $600 18
Al Capone

Scott
    $600 23
(Praggya: What is not?)

naked

GregPraggya
    $600 28
Brit Hume

Greg
    $600 13
Iowa

Scott
    $600 5
iceberg

Greg
    $600 2
a lead pipe

Greg
    $800 19
Racial Equality

Greg
    $800 24
hanging out

Scott
    $800 29
(Scott: Who is Moyer?)

(Jim) Lehrer

GregScott
    $800 14
Wichita

Scott
    $800 6
sauerkraut

Greg
    $800 10
a last

Praggya
    $1000 20
the Haymarket Riot (Haymarket Square accepted)

Greg
    $1000 25
the idea

Greg
    $1000 30
Peter Jennings

Praggya
    $3,400 15
Rust Belt

Scott
    $1000 7
collard greens

Greg
    $1000 11
a laudanum

Scott

Scores at the first commercial break (after clue 15):

Greg Praggya Scott
$3,400 $600 $6,800

Scores at the end of the Jeopardy! Round:

Greg Praggya Scott
$9,400 $1,600 $7,400

Double Jeopardy! Round responses

PAINT BY NUMBERS
GAMBLING WORDS
LAKES & RIVERS
STAMPS
CHARACTERS FROM AMERICAN LIT
GRAMMY WINNERS
    $400 24
Picasso

Scott
    $400 2
poker

Greg
    $400 6
New Zealand

Scott
    $400 1
a snow angel

Greg
    $400 13
Rhett Butler

Greg
    $400 18
Lady Gaga

Greg
    $800 25
Warhol

Scott
    $800 3
chips

Greg
    $800 7
the Indus

Greg
    $800 12
the Baltimore oriole

Greg
    $800 14
(Greg: Who is Aunt Sally?)

Aunt Polly

Greg
Triple Stumper
    $800 19
"Who Let The Dogs Out?"

Scott
    $1200 26
Georgia O'Keeffe

Triple Stumper
    $1200 4
pit

Greg
    $1200 9
Lake Geneva

Scott
    $1200 20
the Bat-Signal

Greg
    $1200 15
Daniel Boone

Greg
    $1200 21
Beck

Greg
    $1600 27
Jackson Pollock

Triple Stumper
    $1600 5
pot

Scott
    $1600 10
Lake Mead

Praggya
    $1600 29
Farragut

Scott
    $6,600 16
(Greg: What is This Side of Paradise?)

The Last Tycoon

Greg
    $1600 22
Gotye

Praggya
    $2000 28
(Greg: Who is... Klimt?)

(Mark) Rothko

GregScott
    $2000 8
bluff

Scott
    $2000 11
(Greg: What is the Yukon?)

the MacKenzie River

Greg
Triple Stumper
    $5 30
(Harvey) Milk

Scott
    $2000 17
Wang Lung

Triple Stumper
    $2000 23
(Greg: Who is Bono?)

Stevie Wonder

Greg
Triple Stumper

Scores at the end of the Double Jeopardy! Round:

Greg Praggya Scott
$4,800 $4,800 $18,205
(lock game)

[wagering suggestions for these scores]

Final Jeopardy! Round responses

CONSERVATION ORGANIZATIONS
PraggyaWhat is the American Birdwatchers Club?
$1,000
GregWhat is PETA?
$4,793
ScottWhat is the Audobon Society?
$4,300
the Audubon Society

Final scores:

Greg Praggya Scott
$7 $3,800 $22,505
3rd place: $1,000 2nd place: $2,000 New champion: $22,505

Game dynamics:

Coryat scores:

Greg Praggya Scott
$11,400 $4,800 $17,800
27 R,
5 W
(including 1 DD)
7 R,
3 W
19 R
(including 2 DDs),
1 W

Combined Coryat: $34,000

The J! Archive is created by fans, for fans. The Jeopardy! game show and all elements thereof, including but not limited to copyright and trademark thereto, are the property of Jeopardy Productions, Inc. and are protected under law. This website is not affiliated with, sponsored by, or operated by Jeopardy Productions, Inc. Join the discussion at JBoard.tv.